NABAFANA BAYAKWAZI UKUBHAKA (Record no. 798745)
[ view plain ]
| 000 -LEADER | |
|---|---|
| fixed length control field | 00529nam a22001817b 4500 |
| 003 - CONTROL NUMBER IDENTIFIER | |
| control field | 3228 |
| 005 - DATE AND TIME OF LATEST TRANSACTION | |
| control field | 20260527170721.0 |
| 008 - FIXED-LENGTH DATA ELEMENTS--GENERAL INFORMATION | |
| fixed length control field | 260508b sa ||||| |||| 00| 1 ZUL d |
| 020 ## - INTERNATIONAL STANDARD BOOK NUMBER | |
| International Standard Book Number | 9781990932724 |
| 040 ## - CATALOGING SOURCE | |
| Original cataloging agency | MPL |
| Language of cataloging | ENGLISH |
| Transcribing agency | 3228 |
| Description conventions | Resource Description and Access |
| 041 ## - LANGUAGE CODE | |
| Language code of text/sound track or separate title | ZULU |
| 082 #0 - DEWEY DECIMAL CLASSIFICATION NUMBER | |
| Classification number | ZUL KF MOON |
| 100 ## - MAIN ENTRY--PERSONAL NAME | |
| 9 (RLIN) | 199530 |
| Personal name | LEIGH-ANN MOONSAMY |
| 245 ## - TITLE STATEMENT | |
| Title | NABAFANA BAYAKWAZI UKUBHAKA |
| 260 ## - PUBLICATION, DISTRIBUTION, ETC. | |
| Place of publication, distribution, etc. | CENTURION |
| Name of publisher, distributor, etc. | QUALIBOOKS PUBLICATION |
| Date of publication, distribution, etc. | 2022 |
| 300 ## - PHYSICAL DESCRIPTION | |
| Extent | 8 pages |
| Dimensions | 21cm |
| 942 ## - ADDED ENTRY ELEMENTS | |
| Source of classification or shelving scheme | Dewey Decimal Classification |
| item type | Book |
| Edition | DDC23 |
| -- | 307 |
| -- | Khelina Sibanyoni |
| -- | 307 |
| -- | Khelina Sibanyoni |
| Withdrawn status | Lost status | Source of classification or shelving scheme | Damaged status | Not for loan | Collection code | Home library | Current library | Shelving location | Date acquired | Total Checkouts | Full call number | Barcode | Date last seen | Price effective from | item type | Public note |
|---|---|---|---|---|---|---|---|---|---|---|---|---|---|---|---|---|
| Dewey Decimal Classification | Fiction | Emakhazeni Main PL (MMID-PLEMA) | Emakhazeni Main PL (MMID-PLEMA) | Fiction | 03.07.2026 | ZUL KF MOON | 3228200082843 | 03.07.2026 | 03.07.2026 | Book | ||||||
| Dewey Decimal Classification | Fiction | Middelburg Regional Library | Siyathuthuka PL (MMID-PLEMA-SIYA) | Children's Area | 08.05.2026 | ZUL KF MOON | 3228200081778 | 08.05.2026 | 08.05.2026 | Book | ZUL KF MOON |